000 00267nam a2200097Ia 4500
001 706430
005 20250826162448.0
008 250824s9999 xx 000 0 und d
245 0 _aHAZRETİ MUHAMMED VE HAYATI
_cOSMAN KESKİNOĞLU
260 _bDİYANET İŞLERİ YAYINLARI
999 _c706430
_d706430